00696nam a2200205Ia 4500008004100000020001800041040001800059041000800077245007800085260004200163300003200205504002200237650001700259650003400276650003700310650003900347650005000386700002800436700002600464130821s2012 enka gr eng  a9781849713894 aCo-BoUCMbspa00aeng10aFrom intelligent to smart citiesceditado por Mark Deakin, Husam Al Waer. aLondres (Inglaterra)bROUTLEDGEc2012 a89 páginasbilustraciones aIncluye índice.04aArquitectura04aArquitecturaxInvestigaciones04aCiudades nuevasxInvestigaciones04aDesarrollo urbanoxInvestigaciones04aMateriales de construcciónxInvestigaciones1 aAl Waer, Husameeditor.1 aDeakin, Markeeditor.